Catálogo de la Biblioteca filipina de W. E. Retana. (Record no. 163356)
[ view plain ]
| 000 -LEADER | |
|---|---|
| campo de control de longitud fija | 01106nam a2200217 i 4500 |
| 001 - NÚMERO DE CONTROL | |
| campo de control | 163356 |
| 003 - IDENTIFICADOR DE NÚMERO DE CONTROL | |
| campo de control | ES-MaACL |
| 005 - FECHA Y HORA DE LA ÚLTIMA TRANSACCIÓN | |
| campo de control | 20230906212726.0 |
| 008 - DATOS DE LONGITUD FIJA--INFORMACIÓN GENERAL | |
| campo de control de longitud fija | 991006s1893 sp |||| | spa d |
| 040 ## - FUENTE DE CATALOGACIÓN | |
| Centro catalogador/agencia de origen | CCPB | B |
| Lengua de catalogación | spa |
| Centro/agencia transcriptor | CCPB | B |
| 100 1# - ENTRADA PRINCIPAL--NOMBRE DE PERSONA | |
| Nombre de persona | Retana, W. E. |
| 9 (RLIN) | 143306 |
| 245 10 - MENCIÓN DEL TÍTULO | |
| Título | Catálogo de la Biblioteca filipina de W. E. Retana. |
| 260 ## - PUBLICACIÓN, DISTRIBUCIÓN, ETC. | |
| Lugar de publicación, distribución, etc. | Madrid : |
| Nombre del editor, distribuidor, etc. | [s.n.], |
| Fecha de publicación, distribución, etc. | 1893 ( |
| Fabricante | Imprenta de la Viuda de M. Minuesa de los Ríos) |
| 300 ## - DESCRIPCIÓN FÍSICA | |
| Extensión | VIII, 118 col., [3] h. ; |
| Dimensiones | 35 cm. |
| 500 ## - NOTA GENERAL | |
| Nota general | El v. de todas las h. en bl. |
| 530 ## - NOTA DISPONIBLE DE FORMULARIO FÍSICO ADICIONAL | |
| Nota de formato físico adicional disponible | Disponible también en sitio web. |
| 595 ## - | |
| -- | Edición de 30 ejemplares. |
| 651 #4 - PUNTO DE ACCESO ADICIONAL DE MATERIA--NOMBRE GEOGRÁFICO | |
| Nombre geográfico | Filipinas- |
| Subdivisión de forma | Bibliografías. |
| 9 (RLIN) | 137148 |
| 852 ## - LOCALIZACIÓN | |
| Ubicación | ES-MaACL |
| Número de control de estantería | R-1748(4) |
| Nota libre | -- Enc. hol., conservando la enc. original |
| -- | -- Ded. del autor al Ateneo de Madrid |
| -- | -- Ejemplar nº 4 (adjudicado a la Biblioteca del Ateneo de Madrid) de una edición de 30 ejemplares |
| -- | Enc. en un vol. facticio |
| Encuadernación | -- T594: Port. a dos tintas |
| -- | Olim T-651-F |
| 856 ## - LOCALIZACIÓN Y ACCESO ELECTRÓNICOS | |
| Identificador Uniforme de Recursos | <a href="http://bibliotecadigitalhispanica.bne.es:80/webclient/DeliveryManager?pid=2139524&custom_att_2=simple_viewer">http://bibliotecadigitalhispanica.bne.es:80/webclient/DeliveryManager?pid=2139524&custom_att_2=simple_viewer</a> |
| Nota pública | Ir a la página |
| Estatus retirado | Estado de pérdida | Estado de daño | No para préstamo | Colección | Biblioteca de origen | Biblioteca actual | Ubicación en estantería | Fecha de adquisición | Total de préstamos | Signatura topográfica completa | Código de barras | Visto por última vez | Precio de reemplazo | Tipo de ítem Koha |
|---|---|---|---|---|---|---|---|---|---|---|---|---|---|---|
| Colección digital | Biblioteca del Ateneo de Madrid | Biblioteca del Ateneo de Madrid | Depósito | 17/01/2008 | R-1748(4) | 1171182 | 23/02/2023 | 23/02/2023 | Libro impreso antiguo |
